[Event "DSJ Weihnachtsturnier U20w 2020"]
[Site "https://play.chessbase.com/en/play?room=DSJWeihnachtU20w"]
[Date "2020.12.29"]
[Round "2"]
[White "Köppel, Clementine"]
[Black "Haug, Mara"]
[Result "0-1"]
[Termination "normal"]
[Board "7.3"]
[WhiteElo "1244"]
[BlackElo "1379"]
[WhiteTeam "ATSV Oberkotzau"]
[BlackTeam "Karlsruher SF 1853"]
[PlyCount "114"]
[WhiteFideId "34605819"]
[BlackFideId "16259300"]
[EventRounds "7"]
[EventType "team-swiss"]
[EventDate "2020.12.29"]

1. e4 {[%emt 0:00:54]} c5 {[%emt 0:00:04]} 2. Nf3 { [%emt 0:00:04]} Nc6 {[%emt
0:00:11]} 3. Nc3 {[%emt 0:00:04]} g6 {[%emt 0:00:04] } 4. Bb5 {[%emt 0:00:08]}
Bg7 {[%emt 0:00:05]} 5. d3 {[%emt 0:00:07]} a6 { [%emt 0:00:03]} 6. Bxc6 {[%emt
0:00:02]} bxc6 {[%emt 0:00:02]} 7. O-O {[%emt 0: 00:07]} d5 {[%emt 0:00:10]} 8.
Bf4 {[%emt 0:00:13]} e6 {[%emt 0:00:16] ATSVOber1003 reconnected.} 9. Qd2
{[%emt 0:00:38]} Qb6 {[%emt 0:01:05]} 10. b3 {[%emt 0:00:21]} Qa5 {[%emt
0:00:03]} 11. a3 {[%emt 0:00:41]} Qxc3 {[%emt 0:00: 03]} 12. a4 {[%emt 0:00:31]
ATSVOber1003 kibitzing!?} Qxd2 {[%emt 0:00:04] ATSVOber1003 kibitzing!?} 13.
Nxd2 {[%emt 0:00:10]} Bxa1 {[%emt 0:00:02]} 14. Rxa1 {[%emt 0:00:02]
ATSVOber1003 kibitzing!?} f6 {[%emt 0:00:12] ATSVOber1003 kibitzing!?} 15. exd5
{[%emt 0:00:17]} cxd5 {[%emt 0:00:02]} 16. c4 {[%emt 0: 00:10] ATSVOber1003
kibitzing!?} d4 {[%emt 0:00:05] ATSVOber1003 kibitzing!?} 17. Rb1 {[%emt
0:00:18]} e5 {[%emt 0:00:03]} 18. Bg3 {[%emt 0:00:08] ATSVOber1003 kibitzing!?}
a5 {[%emt 0:00:07] ATSVOber1003 kibitzing!?} 19. Re1 {[%emt 0:00:29]
ATSVOber1003 kibitzing!?} Bf5 {[%emt 0:00:05] ATSVOber1003 kibitzing!?} 20. Ne4
{[%emt 0:00:19] ATSVOber1003 kibitzing!?} Kf8 {[%emt 0:00: 15] ATSVOber1003
kibitzing!?} 21. Nxc5 {[%emt 0:00:13] ATSVOber1003 kibitzing!? } Rc8 {[%emt
0:00:10] ATSVOber1003 kibitzing!?} 22. Ne4 {[%emt 0:00:25] ATSVOber1003
kibitzing!?} Bxe4 {[%emt 0:00:22]} 23. Rxe4 {[%emt 0:00:04]} Rb8 { [%emt
0:00:03]} 24. Re1 {[%emt 0:00:34] ATSVOber1003 kibitzing!?} Rxb3 { [%emt
0:00:04]} 25. Rd1 {[%emt 0:00:03]} Kg7 {[%emt 0:00:08] ATSVOber1003
kibitzing!?} 26. f3 {[%emt 0:00:06]} Ne7 {[%emt 0:00:02]} 27. Kf2 {[%emt 0:00:
06] ATSVOber1003 kibitzing!?} Rc8 {[%emt 0:00:09] ATSVOber1003 kibitzing!?} 28.
f4 {[%emt 0:00:20] ATSVOber1003 kibitzing!?} exf4 {[%emt 0:00:04]} 29. Bxf4 {
[%emt 0:00:02]} Ra3 {[%emt 0:00:05] ATSVOber1003 kibitzing!?} 30. Bd6 {[%emt 0:
00:13]} Ra2+ {[%emt 0:00:01]} 31. Kf3 {[%emt 0:00:07]} Nf5 {[%emt 0:00:02]
ATSVOber1003 received Ill MvData=60. f2-f3 (745cs)} 32. Re1 {[%emt 0:00:37]
ATSVOber1003 kibitzing!?} Nxd6 {[%emt 0:00:12] ATSVOber1003 kibitzing!?} 33.
Re7+ {[%emt 0:00:08] ATSVOber1003 kibitzing!?} Kh6 {[%emt 0:00:06] ATSVOber1003
kibitzing!?} 34. Re6 {[%emt 0:00:07] ATSVOber1003 kibitzing!?} Nf5 {[%emt
0:00:08] ATSVOber1003 kibitzing!?} 35. Rxf6 {[%emt 0:00:05] ATSVOber1003
kibitzing!?} Rxa4 {[%emt 0:00:04] ATSVOber1003 kibitzing!?} 36. g4 {[%emt
0:00:10] ATSVOber1003 kibitzing!?} Ne3 {[%emt 0:00:13] ATSVOber1003
kibitzing!?} 37. Ke4 {[%emt 0:00:17] ATSVOber1003 kibitzing!?} Rd8 {[%emt 0:00:
15] ATSVOber1003 kibitzing!?} 38. Kf4 {[%emt 0:00:22]} Ra3 {[%emt 0:00:05]
ATSVOber1003 kibitzing!?} 39. g5+ {[%emt 0:00:08]} Kg7 {[%emt 0:00:03]} 40. h4
{[%emt 0:00:25]} Ra1 {[%emt 0:00:05] ATSVOber1003 kibitzing!?} 41. Kg3 { [%emt
0:00:25] ATSVOber1003 kibitzing!?} Rg1+ {[%emt 0:00:06] ATSVOber1003
kibitzing!?} 42. Kh2 {[%emt 0:00:04] ATSVOber1003 kibitzing!?} Rxg5 {[%emt 0:
00:15] ATSVOber1003 kibitzing!?} 43. hxg5 {[%emt 0:00:05]} Ng4+ {[%emt 0:00:02]
} 44. Kg3 {[%emt 0:00:02]} Nxf6 {[%emt 0:00:00]} 45. gxf6+ {[%emt 0:00:02]}
Kxf6 {[%emt 0:00:00]} 46. Kf4 {[%emt 0:00:00]} a4 {[%emt 0:00:01]} 47. c5 {
[%emt 0:00:08]} a3 {[%emt 0:00:01]} 48. c6 {[%emt 0:00:03]} a2 {[%emt 0:00:02]}
49. c7 {[%emt 0:00:02]} Rc8 {[%emt 0:00:01]} 50. Ke4 {[%emt 0:00:04]
Karlsru3-003 kibitzing!?} a1=Q {[%emt 0:00:03] Karlsru3-003 kibitzing!?} 51.
Kf4 {[%emt 0:00:05] Karlsru3-003 kibitzing!?} Rxc7 {[%emt 0:00:09] Karlsru3-003
kibitzing!?} 52. Kf3 {[%emt 0:00:03] Karlsru3-003 kibitzing!? ATSVOber1003
kibitzing!?} Qd1+ {[%emt 0:00:06]} 53. Kf2 {[%emt 0:00:02]} Rc2+ { [%emt
0:00:02] Karlsru3-003 kibitzing!? ATSVOber1003 kibitzing!?} 54. Kg3 { [%emt
0:00:08]} Qe1+ {[%emt 0:00:02]} 55. Kf4 {[%emt 0:00:00]} Rf2+ {[%emt 0: 00:02]}
56. Kg4 {[%emt 0:00:00]} Qg1+ {[%emt 0:00:02]} 57. Kh4 {[%emt 0:00:03]} Rh2#
{[%emt 0:00:01]

[Event "DSJ Weihnachtsturnier U20w 2020"]
[Site "https://play.chessbase.com/en/play?room=DSJWeihnachtU20w"]
[Date "2020.12.29"]
[Round "2"]
[White "Hoffmann, Sophia"]
[Black "Leuchsenring, Delia"]
[Result "1-0"]
[Termination "normal"]
[Board "7.4"]
[WhiteElo "1266"]
[BlackElo "1061"]
[WhiteTeam "Karlsruher SF 1853"]
[BlackTeam "ATSV Oberkotzau"]
[PlyCount "117"]
[WhiteFideId "16259130"]
[BlackFideId "34605304"]
[EventRounds "7"]
[EventType "team-swiss"]
[EventDate "2020.12.29"]

1. d4 {[%emt 0:00:09]} d5 {[%emt 0:00:03]} 2. c4 {[%emt 0:00:03]} dxc4 { [%emt
0:00:02]} 3. e4 {[%emt 0:00:02]} Nf6 {[%emt 0:00:23]} 4. Nc3 {[%emt 0:00: 07]}
e6 {[%emt 0:00:09]} 5. Bxc4 {[%emt 0:00:04]} Nbd7 {[%emt 0:00:07]} 6. Bg5
{[%emt 0:00:02]} Be7 {[%emt 0:00:06]} 7. Nf3 {[%emt 0:00:04]} c5 {[%emt 0:00:
12]} 8. dxc5 {[%emt 0:00:26]} Nxc5 {[%emt 0:00:10]} 9. O-O {[%emt 0:00:47]}
Nfxe4 {[%emt 0:00:14]} 10. Bxe7 {[%emt 0:00:20]} Qxe7 {[%emt 0:00:08]} 11. Re1
{[%emt 0:00:33]} Nxc3 {[%emt 0:00:18]} 12. bxc3 {[%emt 0:00:11]} O-O {[%emt 0:
00:11]} 13. Qd4 {[%emt 0:00:36]} Bd7 {[%emt 0:00:32]} 14. Nh4 {[%emt 0:00:14]}
Bc6 {[%emt 0:00:17]} 15. Nf5 {[%emt 0:01:11]} Qg5 {[%emt 0:00:25]} 16. Ng3 {
[%emt 0:00:43]} Rad8 {[%emt 0:00:17]} 17. Re5 {[%emt 0:00:22]} Qe7 {[%emt 0:01:
06]} 18. Qxc5 {[%emt 0:00:21]} Qxc5 {[%emt 0:00:04]} 19. Rxc5 {[%emt 0:00:03]}
Rd6 {[%emt 0:00:39]} 20. Re5 {[%emt 0:00:30]} Rfd8 {[%emt 0:00:12]} 21. Ree1 {
[%emt 0:00:13]} Ba4 {[%emt 0:00:19]} 22. Bb3 {[%emt 0:00:33]} Bb5 {[%emt 0:00:
29]} 23. c4 {[%emt 0:00:24]} Bc6 {[%emt 0:00:14]} 24. Red1 {[%emt 0:00:30]} g6
{[%emt 0:00:29]} 25. Rxd6 {[%emt 0:00:11]} Rxd6 {[%emt 0:00:03]} 26. Rd1 {
[%emt 0:00:20]} Rxd1+ {[%emt 0:00:15]} 27. Bxd1 {[%emt 0:00:03]} Kg7 {[%emt 0:
00:10]} 28. c5 {[%emt 0:00:10]} Kf6 {[%emt 0:00:06]} 29. Bc2 {[%emt 0:00:12]}
Ke5 {[%emt 0:00:03]} 30. Ne4 {[%emt 0:00:11]} Kd4 {[%emt 0:00:08]} 31. Ng5 {
[%emt 0:00:11]} b5 {[%emt 0:00:10]} 32. cxb6 {[%emt 0:00:03]} axb6 {[%emt 0:00:
03]} 33. Nxf7 {[%emt 0:00:06]} b5 {[%emt 0:00:06]} 34. Ng5 {[%emt 0:00:03]} Kc3
{[%emt 0:00:08]} 35. Bb3 {[%emt 0:00:06]} Bd5 {[%emt 0:00:10]} 36. Bxd5 { [%emt
0:00:08]} exd5 {[%emt 0:00:02]} 37. Ne6 {[%emt 0:00:16]} b4 {[%emt 0:00: 06]}
38. Nc5 {[%emt 0:00:14]} d4 {[%emt 0:00:05]} 39. Kf1 {[%emt 0:00:10]} Kc4
{[%emt 0:00:05]} 40. Nb3 {[%emt 0:00:03]} d3 {[%emt 0:00:03]} 41. Ke1 {[%emt 0:
00:03]} Kc3 {[%emt 0:00:03]} 42. Kd1 {[%emt 0:00:04]} h6 {[%emt 0:00:07]} 43.
f4 {[%emt 0:00:08]} Kb2 {[%emt 0:00:16]} 44. Nc5 {[%emt 0:00:08]} Kxa2 { [%emt
0:00:12]} 45. Nxd3 {[%emt 0:00:02]} b3 {[%emt 0:00:01]} 46. Kc1 {[%emt 0:
00:03]} h5 {[%emt 0:00:06]} 47. Nb2 {[%emt 0:00:03]} h4 {[%emt 0:00:04]} 48. g3
{[%emt 0:00:02]} hxg3 {[%emt 0:00:02]} 49. hxg3 {[%emt 0:00:01]} Ka3 {[%emt 0:
00:06]} 50. g4 {[%emt 0:00:01]} Kb4 {[%emt 0:00:01]} 51. f5 {[%emt 0:00:01]}
Kc5 {[%emt 0:00:03]} 52. fxg6 {[%emt 0:00:03]} Kd5 {[%emt 0:00:03]} 53. g7 {
[%emt 0:00:00]} Kd4 {[%emt 0:00:03]} 54. g8=Q {[%emt 0:00:00]} Kc3 {[%emt 0:00:
03]} 55. Qg5 {[%emt 0:00:00]} Kd4 {[%emt 0:00:03]} 56. Qf5 {[%emt 0:00:01]} Kc3
{[%emt 0:00:02]} 57. Qd3+ {[%emt 0:00:01]} Kb4 {[%emt 0:00:02]} 58. Qc4+ {
[%emt 0:00:00]} Ka3 {[%emt 0:00:02]} 59. Qa4# {[%emt 0:00:02]} 1-0

[Event "DSJ Weihnachtsturnier U20w 2020"]
[Site "https://play.chessbase.com/en/play?room=DSJWeihnachtU20w"]
[Date "2020.12.29"]
[Round "2"]
[White "Lange, Cecilia"]
[Black "Pohle, Saskia"]
[Result "1-0"]
[Termination "normal"]
[Board "8.1"]
[WhiteElo "1965"]
[BlackElo "1815"]
[WhiteTeam "TSG Oberschöneweide"]
[BlackTeam "Schachzwerge Magdeburg"]
[PlyCount "85"]
[WhiteFideId "12976040"]
[BlackFideId "16201604"]
[EventRounds "7"]
[EventType "team-swiss"]
[EventDate "2020.12.29"]

1. e4 {[%emt 0:00:03]} e5 {[%emt 0:00:10]} 2. Nf3 {[%emt 0:00:02]} Nc6 { [%emt
0:00:02]} 3. Bc4 {[%emt 0:00:02]} Nf6 {[%emt 0:00:01]} 4. d3 {[%emt 0:00: 05]}
Be7 {[%emt 0:00:02]} 5. O-O {[%emt 0:00:02]} O-O {[%emt 0:00:02]} 6. Nbd2
{[%emt 0:00:16]} d5 {[%emt 0:00:35]} 7. exd5 {[%emt 0:00:08]} Nxd5 {[%emt 0:00:
02]} 8. Re1 {[%emt 0:00:11]} f6 {[%emt 0:00:19]} 9. h3 {[%emt 0:00:19]} Kh8 {
[%emt 0:00:15]} 10. Ne4 {[%emt 0:00:21]} Na5 {[%emt 0:00:21]} 11. Bb3 {[%emt 0:
00:10]} Nxb3 {[%emt 0:00:12]} 12. axb3 {[%emt 0:00:03]} c5 {[%emt 0:00:13]} 13.
Bd2 {[%emt 0:00:19]} Be6 {[%emt 0:00:09]} 14. Qe2 {[%emt 0:00:41]} b6 {[%emt 0:
00:18]} 15. Nc3 {[%emt 0:00:15]} Nb4 {[%emt 0:00:34]} 16. Be3 {[%emt 0:00:40]}
Qd7 {[%emt 0:00:24]} 17. Nh2 {[%emt 0:00:20]} Rac8 {[%emt 0:00:19]} 18. f4 {
[%emt 0:00:09]} Nc6 {[%emt 0:00:20]} 19. Nf3 {[%emt 0:00:10]} Nd4 {[%emt 0:00:
18]} 20. Qf2 {[%emt 0:00:15]} Bd6 {[%emt 0:00:19]} 21. fxe5 {[%emt 0:00:40]}
fxe5 {[%emt 0:00:06]} 22. Ne4 {[%emt 0:00:37]} Nxf3+ {[%emt 0:00:05]} 23. gxf3
{[%emt 0:00:02]} Bxh3 {[%emt 0:00:36]} 24. Qg3 {[%emt 0:00:24]} Bb8 {[%emt 0:
00:16]} 25. Kf2 {[%emt 0:00:22]} Bg4 {[%emt 0:00:41]} 26. Nd2 {[%emt 0:00:49]}
e4 {[%emt 0:00:14]} 27. f4 {[%emt 0:00:11]} exd3 {[%emt 0:00:15]} 28. cxd3 {
[%emt 0:00:10]} Qf5 {[%emt 0:00:05]} 29. Rg1 {[%emt 0:00:07]} Bxf4 {[%emt 0:00:
37]} 30. Bxf4 {[%emt 0:00:20]} Qxf4+ {[%emt 0:00:03]} 31. Qxf4 {[%emt 0:00:01]}
Rxf4+ {[%emt 0:00:01]} 32. Ke3 {[%emt 0:00:01]} Rd4 {[%emt 0:00:13]} 33. Rxa7 {
[%emt 0:00:07]} h5 {[%emt 0:00:29]} 34. Ne4 {[%emt 0:00:23]} Rcd8 {[%emt 0:00:
34]} 35. Nf2 {[%emt 0:00:16]} Re8+ {[%emt 0:00:02]} 36. Ne4 {[%emt 0:00:01]}
Rb4 {[%emt 0:00:17]} 37. Rf1 {[%emt 0:00:32]} Rxb3 {[%emt 0:00:09]} 38. Rff7 {
[%emt 0:00:05]} Rxb2 {[%emt 0:00:42]} 39. Rxg7 {[%emt 0:00:06]} Re2+ {[%emt 0:
00:14]} 40. Kf4 {[%emt 0:00:02]} Rf8+ {[%emt 0:00:07]} 41. Kg5 {[%emt 0:00:07]}
Rf5+ {[%emt 0:00:10]} 42. Kh6 {[%emt 0:00:04]} Rd5 {[%emt 0:00:26]} 43. Ra8+ {
[%emt 0:00:07] Magdebg1-001 gibt auf} 1-0

[Event "DSJ Weihnachtsturnier U20w 2020"]
[Site "https://play.chessbase.com/en/play?room=DSJWeihnachtU20w"]
[Date "2020.12.29"]
[Round "2"]
[White "Hoffmann, Svenja"]
[Black "Lorenz, Veronika"]
[Result "0-1"]
[Termination "normal"]
[Board "8.2"]
[WhiteElo "1307"]
[BlackElo "1336"]
[WhiteTeam "Schachzwerge Magdeburg"]
[BlackTeam "TSG Oberschöneweide"]
[PlyCount "72"]
[WhiteFideId "16287312"]
[BlackFideId "16277406"]
[EventRounds "7"]
[EventType "team-swiss"]
[EventDate "2020.12.29"]

1. e4 {[%emt 0:00:06]} e5 {[%emt 0:00:09]} 2. Nf3 {[%emt 0:00:09]} Nc6 { [%emt
0:00:02]} 3. Bc4 {[%emt 0:00:02]} Nf6 {[%emt 0:00:02]} 4. Ng5 {[%emt 0: 00:04]}
d5 {[%emt 0:00:03]} 5. exd5 {[%emt 0:00:06]} Na5 {[%emt 0:00:03]} 6. Bb5+
{[%emt 0:00:03]} c6 {[%emt 0:00:02]} 7. dxc6 {[%emt 0:00:01]} bxc6 { [%emt
0:00:02]} 8. Ba4 {[%emt 0:00:02]} h6 {[%emt 0:00:06]} 9. Nf3 {[%emt 0:00: 45]}
Bc5 {[%emt 0:00:23]} 10. Nc3 {[%emt 0:00:06]} e4 {[%emt 0:00:26]} 11. Qe2
{[%emt 0:00:08]} O-O {[%emt 0:00:29]} 12. Nxe4 {[%emt 0:00:24]} Nxe4 {[%emt 0:
00:04]} 13. Qxe4 {[%emt 0:00:03]} Re8 {[%emt 0:00:03]} 14. Ne5 {[%emt 0:00:02]}
Bd6 {[%emt 0:00:17]} 15. d4 {[%emt 0:00:24]} f6 {[%emt 0:00:30]} 16. Bf4 {
[%emt 0:00:18]} fxe5 {[%emt 0:00:06]} 17. Bxe5 {[%emt 0:00:11]} Bxe5 {[%emt 0:
00:10]} 18. dxe5 {[%emt 0:00:05]} Kh8 {[%emt 0:00:29]} 19. c3 {[%emt 0:00:11]}
Be6 {[%emt 0:00:43]} 20. Bc2 {[%emt 0:00:09]} Bg8 {[%emt 0:00:06]} 21. O-O {
[%emt 0:00:05]} Qg5 {[%emt 0:00:10]} 22. Rfe1 {[%emt 0:00:05]} Rac8 {[%emt 0:
01:02]} 23. Re3 {[%emt 0:00:08]} Nb7 {[%emt 0:00:23]} 24. Rg3 {[%emt 0:00:04]}
Qxe5 {[%emt 0:00:12]} 25. Re1 {[%emt 0:00:46]} Qxe4 {[%emt 0:00:17]} 26. Bxe4 {
[%emt 0:00:03]} Nd6 {[%emt 0:00:10]} 27. f3 {[%emt 0:00:07]} Nxe4 {[%emt 0:00:
13]} 28. fxe4 {[%emt 0:00:03]} Re7 {[%emt 0:00:31]} 29. Kf2 {[%emt 0:00:24]}
Bxa2 {[%emt 0:00:04]} 30. Kf3 {[%emt 0:00:18]} Bd5 {[%emt 0:00:37]} 31. Kf4 {
[%emt 0:00:13]} Rf8+ {[%emt 0:00:27]} 32. Kg4 {[%emt 0:00:17]} Rxe4+ {[%emt 0:
00:04]} 33. Rxe4 {[%emt 0:00:04]} Bxe4 {[%emt 0:00:02]} 34. Kh5 {[%emt 0:00:02]
} Rf4 {[%emt 0:00:14]} 35. Re3 {[%emt 0:00:20]} Kh7 {[%emt 0:00:23]} 36. g3 {
[%emt 0:00:13]} g6# {[%emt 0:00:03]} 0-1

[Event "DSJ Weihnachtsturnier U20w 2020"]
[Site "https://play.chessbase.com/en/play?room=DSJWeihnachtU20w"]
[Date "2020.12.29"]
[Round "2"]
[White "Fock, Madiha"]
[Black "Rössling, Laura Marie"]
[Result "1/2-1/2"]
[Termination "normal"]
[Board "8.3"]
[WhiteElo "1278"]
[BlackElo "991"]
[WhiteTeam "TSG Oberschöneweide"]
[BlackTeam "Schachzwerge Magdeburg"]
[PlyCount "54"]
[WhiteFideId "16253574"]
[BlackFideId "16289471"]
[EventRounds "7"]
[EventType "team-swiss"]
[EventDate "2020.12.29"]

1. e4 {[%emt 0:00:06]} e5 {[%emt 0:00:09]} 2. Nf3 {[%emt 0:00:02]} Nc6 { [%emt
0:00:07]} 3. d4 {[%emt 0:00:02]} exd4 {[%emt 0:00:15]} 4. Nxd4 {[%emt 0:
00:02]} Bc5 {[%emt 0:00:12]} 5. Be3 {[%emt 0:00:05]} Qf6 {[%emt 0:00:34]} 6. c3
{[%emt 0:00:11]} d6 {[%emt 0:00:16]} 7. Bc4 {[%emt 0:00:06]} Nge7 {[%emt 0:00:
37]} 8. O-O {[%emt 0:00:08]} O-O {[%emt 0:00:07]} 9. f4 {[%emt 0:00:13]} Qg6 {
[%emt 0:00:24]} 10. f5 {[%emt 0:00:14]} Qf6 {[%emt 0:00:21]} 11. Qd2 {[%emt 0:
00:17]} d5 {[%emt 0:00:30]} 12. exd5 {[%emt 0:00:17]} Ne5 {[%emt 0:00:02]} 13.
Bb3 {[%emt 0:00:15]} Ng4 {[%emt 0:00:50]} 14. Bg5 {[%emt 0:00:39]} Qd6 { [%emt
0:00:30]} 15. Bf4 {[%emt 0:00:23]} Qf6 {[%emt 0:00:03]} 16. h3 {[%emt 0:
00:21]} Nxf5 {[%emt 0:00:10]} 17. Bg5 {[%emt 0:00:42]} Nxd4 {[%emt 0:00:55]}
18. cxd4 {[%emt 0:00:31]} Bxd4+ {[%emt 0:00:14]} 19. Rf2 {[%emt 0:01:10]} Bxf2+
{[%emt 0:00:24]} 20. Kh1 {[%emt 0:00:09]} Qd6 {[%emt 0:00:46]} 21. hxg4 { [%emt
0:00:09]} Qg3 {[%emt 0:00:22]} 22. Nc3 {[%emt 0:00:30]} Re8 {[%emt 0:00: 18]}
23. Rf1 {[%emt 0:00:30]} Re1 {[%emt 0:00:14]} 24. Rxe1 {[%emt 0:00:20]} Bxe1
{[%emt 0:00:02]} 25. Qe2 {[%emt 0:00:09]} Bxg4 {[%emt 0:00:32]} 26. Qf1 { [%emt
0:00:20]} Re8 {[%emt 0:00:26]} 27. d6 {[%emt 0:00:09]} Bf2 {[%emt 0:01: 08]
Magdebg1-003 offers a draw} 1/2-1/2

[Event "DSJ Weihnachtsturnier U20w 2020"]
[Site "https://play.chessbase.com/en/play?room=DSJWeihnachtU20w"]
[Date "2020.12.29"]
[Round "2"]
[White "Nönnig, Lotte"]
[Black "Hasselmann, Isabelle Sophia"]
[Result "1-0"]
[Termination "normal"]
[Board "8.4"]
[WhiteElo "768"]
[BlackElo "1120"]
[WhiteTeam "Schachzwerge Magdeburg"]
[BlackTeam "TSG Oberschöneweide"]
[PlyCount "205"]
[WhiteFideId "34611509"]
[BlackFideId "16266951"]
[EventRounds "7"]
[EventType "team-swiss"]
[EventDate "2020.12.29"]

1. e4 {[%emt 0:00:03]} e6 {[%emt 0:00:03]} 2. Nf3 {[%emt 0:00:04]} d5 {[%emt 0:
00:02]} 3. exd5 {[%emt 0:00:11]} exd5 {[%emt 0:00:02]} 4. Bd3 {[%emt 0:00:08]}
Nf6 {[%emt 0:00:06]} 5. Bb5+ {[%emt 0:00:07]} Bd7 {[%emt 0:00:06]} 6. Bxd7+ {
[%emt 0:00:03]} Nbxd7 {[%emt 0:00:03]} 7. O-O {[%emt 0:00:03]} Bc5 {[%emt 0:00:
05]} 8. d4 {[%emt 0:00:07]} Bb6 {[%emt 0:00:05]} 9. Re1+ {[%emt 0:00:03]} Ne4 {
[%emt 0:00:08]} 10. Ng5 {[%emt 0:00:17]} Ndf6 {[%emt 0:00:06]} 11. Nc3 { [%emt
0:00:15]} Qe7 {[%emt 0:00:06]} 12. f3 {[%emt 0:00:07]} O-O {[%emt 0:00: 02]}
13. fxe4 {[%emt 0:00:06]} dxe4 {[%emt 0:00:04]} 14. Ngxe4 {[%emt 0:00:23]} Nxe4
{[%emt 0:00:03]} 15. Nxe4 {[%emt 0:00:03]} Qh4 {[%emt 0:00:09]} 16. Ng5 { [%emt
0:00:07]} c5 {[%emt 0:00:10]} 17. dxc5 {[%emt 0:00:05]} Bxc5+ {[%emt 0: 00:04]}
18. Kh1 {[%emt 0:00:18]} Rad8 {[%emt 0:00:11]} 19. Bd2 {[%emt 0:00:13]} Bd6
{[%emt 0:00:11]} 20. h3 {[%emt 0:00:05]} Qg3 {[%emt 0:00:12]} 21. Nf3 { [%emt
0:00:19]} Rfe8 {[%emt 0:00:12]} 22. Rxe8+ {[%emt 0:00:04]} Rxe8 {[%emt 0:
00:02]} 23. b3 {[%emt 0:00:07]} Re6 {[%emt 0:00:07]} 24. Qb1 {[%emt 0:00:06]}
Rg6 {[%emt 0:00:06]} 25. Qg1 {[%emt 0:00:28]} Bc5 {[%emt 0:00:09]} 26. Qh2 {
[%emt 0:00:19]} Qf2 {[%emt 0:00:04]} 27. Qb8+ {[%emt 0:00:05]} Bf8 {[%emt 0:00:
03]} 28. Rg1 {[%emt 0:00:20]} Qb6 {[%emt 0:02:03]} 29. a3 {[%emt 0:00:27]} a5 {
[%emt 0:00:06]} 30. b4 {[%emt 0:00:21]} axb4 {[%emt 0:00:08]} 31. Bxb4 { [%emt
0:00:04]} h6 {[%emt 0:00:12]} 32. Qxf8+ {[%emt 0:00:13]} Kh7 {[%emt 0:00: 02]}
33. Bc3 {[%emt 0:00:14]} Qe3 {[%emt 0:00:28]} 34. Re1 {[%emt 0:00:33]} Qxc3
{[%emt 0:00:26]} 35. Re8 {[%emt 0:00:03]} Qa1+ {[%emt 0:00:02]} 36. Ng1 { [%emt
0:00:06]} Rxg2 {[%emt 0:01:08]} 37. Qh8+ {[%emt 0:00:16]} Kg6 {[%emt 0: 00:02]}
38. Kxg2 {[%emt 0:00:12]} Qf6 {[%emt 0:00:03]} 39. a4 {[%emt 0:00:19]} Qc6+
{[%emt 0:00:04]} 40. Kg3 {[%emt 0:00:27]} Qd6+ {[%emt 0:00:24]} 41. Kg4 { [%emt
0:00:10]} Qd4+ {[%emt 0:00:04]} 42. Kf3 {[%emt 0:00:05]} Qc3+ {[%emt 0: 00:04]}
43. Kf2 {[%emt 0:00:04]} Qxc2+ {[%emt 0:00:05]} 44. Ne2 {[%emt 0:00:02] } Qc5+
{[%emt 0:00:02]} 45. Ke1 {[%emt 0:00:07]} Qb4+ {[%emt 0:00:07]} 46. Kf1 {[%emt
0:00:08]} Qb1+ {[%emt 0:00:03]} 47. Kf2 {[%emt 0:00:03]} Qb6+ {[%emt 0: 00:02]}
48. Kf3 {[%emt 0:00:09] Obersch1-004 offers a draw} Qf6+ {[%emt 0:00: 08]} 49.
Nf4+ {[%emt 0:00:09]} Kg5 {[%emt 0:00:06]} 50. h4+ {[%emt 0:00:23]} Kxh4 {[%emt
0:00:04]} 51. Ke4 {[%emt 0:00:07]} Kg4 {[%emt 0:00:16]} 52. Nd5 { [%emt
0:00:07]} Qf5+ {[%emt 0:00:03]} 53. Kd4 {[%emt 0:00:03]} Qf6+ {[%emt 0: 00:04]}
54. Kc5 {[%emt 0:00:07]} Qc6+ {[%emt 0:00:03]} 55. Kb4 {[%emt 0:00:07]} Qxd5
{[%emt 0:00:10]} 56. Qxg7+ {[%emt 0:00:05]} Kh5 {[%emt 0:00:08]} 57. Rg8 {
[%emt 0:00:19]} Qd6+ {[%emt 0:00:03]} 58. Kb3 {[%emt 0:00:06]} Qb6+ {[%emt 0:
00:02]} 59. Kc4 {[%emt 0:00:02]} Qe6+ {[%emt 0:00:02]} 60. Kd3 {[%emt 0:00:04]}
Qf5+ {[%emt 0:00:01]} 61. Ke3 {[%emt 0:00:05]} Qh3+ {[%emt 0:00:04]} 62. Ke4 {
[%emt 0:00:03]} Qh4+ {[%emt 0:00:03]} 63. Ke3 {[%emt 0:00:02]} Qh3+ {[%emt 0:
00:02]} 64. Kd4 {[%emt 0:00:03]} Qd7+ {[%emt 0:00:04]} 65. Kc5 {[%emt 0:00:06]}
Qc6+ {[%emt 0:00:05]} 66. Kd4 {[%emt 0:00:06]} Qd6+ {[%emt 0:00:05]} 67. Ke4 {
[%emt 0:00:04]} Qc6+ {[%emt 0:00:02]} 68. Ke3 {[%emt 0:00:06]} Qe6+ {[%emt 0:
00:02]} 69. Kf3 {[%emt 0:00:03]} Qd5+ {[%emt 0:00:07]} 70. Kg3 {[%emt 0:00:02]}
Qd3+ {[%emt 0:00:02]} 71. Kf4 {[%emt 0:00:04]} Qf1+ {[%emt 0:00:04]} 72. Ke4 {
[%emt 0:00:05]} Qe1+ {[%emt 0:00:03]} 73. Kf5 {[%emt 0:00:03]} Qf2+ {[%emt 0:
00:03]} 74. Ke5 {[%emt 0:00:03]} Qe2+ {[%emt 0:00:02]} 75. Kd5 {[%emt 0:00:03]}
Qd2+ {[%emt 0:00:01]} 76. Ke5 {[%emt 0:00:02]} Qe2+ {[%emt 0:00:01]} 77. Kf6 {
[%emt 0:00:01]} Qf2+ {[%emt 0:00:02]} 78. Ke7 {[%emt 0:00:06]} Qh4+ {[%emt 0:
00:19]} 79. Qf6 {[%emt 0:00:14]} Qxf6+ {[%emt 0:00:03]} 80. Kxf6 {[%emt 0:00:
03]} Kh4 {[%emt 0:00:03]} 81. Kxf7 {[%emt 0:00:07]} h5 {[%emt 0:00:02]} 82. Ke7
{[%emt 0:00:05]} Kh3 {[%emt 0:00:02]} 83. Kd7 {[%emt 0:00:01]} h4 {[%emt 0:00:
03]} 84. Kc7 {[%emt 0:00:01]} Kh2 {[%emt 0:00:01]} 85. Kxb7 {[%emt 0:00:01]} h3
{[%emt 0:00:01]} 86. Rf8 {[%emt 0:00:04]} Kg1 {[%emt 0:00:03]} 87. Rh8 { [%emt
0:00:03]} h2 {[%emt 0:00:01]} 88. Rg8+ {[%emt 0:00:02]} Kh1 {[%emt 0:00: 02]}
89. Rh8 {[%emt 0:00:09]} Kg2 {[%emt 0:00:03]} 90. a5 {[%emt 0:00:04]} Kf3
{[%emt 0:00:04]} 91. Rxh2 {[%emt 0:00:03]} Ke4 {[%emt 0:00:01]} 92. Rh5 { [%emt
0:00:02]} Kd4 {[%emt 0:00:02]} 93. a6 {[%emt 0:00:02]} Kc4 {[%emt 0:00: 01]}
94. a7 {[%emt 0:00:02]} Kc3 {[%emt 0:00:01]} 95. a8=Q {[%emt 0:00:01]} Kb4
{[%emt 0:00:02]} 96. Qg8 {[%emt 0:00:04]} Kc3 {[%emt 0:00:02]} 97. Qg4 { [%emt
0:00:03]} Kd3 {[%emt 0:00:01]} 98. Kc6 {[%emt 0:00:03]} Ke3 {[%emt 0:00: 04]}
99. Rh3+ {[%emt 0:00:02]} Kf2 {[%emt 0:00:02]} 100. Ra3 {[%emt 0:00:07]} Kf1
{[%emt 0:00:05]} 101. Qb4 {[%emt 0:00:02]} Ke2 {[%emt 0:00:05]} 102. Qb2+ {
[%emt 0:00:02]} Kd1 {[%emt 0:00:09]} 103. Ra1# {[%emt 0:00:02]} 1-0